Relative Efficiency of Slow Release Nitrogen Sources on Transplanted Rice and Their Residual Effect on Succeeding Wheat Crop (Record no. 50421)

MARC details
000 -LEADER
fixed length control field 00496nam a22001697a 4500
003 - CONTROL NUMBER IDENTIFIER
control field OSt
008 - FIXED-LENGTH DATA ELEMENTS--GENERAL INFORMATION
fixed length control field 260505b |||||||| |||| 00| 0 eng d
082 ## - DEWEY DECIMAL CLASSIFICATION NUMBER
Classification number 633.18
Item number T78R
100 ## - MAIN ENTRY--PERSONAL NAME
Personal name Tripathi, Sachchida Nand
245 ## - TITLE STATEMENT
Title Relative Efficiency of Slow Release Nitrogen Sources on Transplanted Rice and Their Residual Effect on Succeeding Wheat Crop
260 ## - PUBLICATION, DISTRIBUTION, ETC. (IMPRINT)
Place of publication, distribution, etc Pusa, Samastipur
Name of publisher, distributor, etc RAU
Date of publication, distribution, etc 1977
300 ## - PHYSICAL DESCRIPTION
Extent 79P.
502 ## - DISSERTATION NOTE
Degree type Msc.
Year degree granted 1977
650 ## - SUBJECT ADDED ENTRY--TOPICAL TERM
Topical term or geographic name as entry element Agronomy
650 ## - SUBJECT ADDED ENTRY--TOPICAL TERM
Topical term or geographic name as entry element Msc.
942 ## - ADDED ENTRY ELEMENTS (KOHA)
Source of classification or shelving scheme
Koha item type Thesis
Holdings
Withdrawn status Lost status Source of classification or shelving scheme Damaged status Not for loan Home library Current library Date acquired Total Checkouts Full call number Barcode Date last seen Bill Date Koha item type
          Dr. Rajendra Prasad Central Agricultural University Pusa, Dr. Rajendra Prasad Central Agricultural University Pusa, 05/05/2026   633.18 T78R 31418 05/05/2026 05/05/2026 Thesis
Hosted, Implemented, Customized & Maintained by: BestBookBuddies

Powered by Koha